| 000 | 00910cam a2200217 i 4500 | ||
|---|---|---|---|
| 005 | 20260121113613.0 | ||
| 008 | 250721s2004 jo gr 000 0 ara d | ||
| 082 | 1 | 4 |
_a342 _bم ح ا |
| 100 | 1 |
_aمحارب، علي جمعة _eمؤلف. |
|
| 245 | 1 | 2 |
_aالتأديب الإداري في الوظيفة العامة : _bدراسة مقارنة فب النظام العراقي والمصري والفرنسي والانجليزي / _cالدكتور علي جمعة محارب. |
| 264 | 3 | 1 |
_aعمان : _bدار الثقافة، _c2004. |
| 300 | _a652 صفحة. | ||
| 650 | 1 | 7 | _aالقانون الإداري. |
| 650 | 1 | 7 | _aالخدمة المدنية. |
| 650 | 1 | 7 | _aالقرارات الإدارية. |
| 650 | 1 | 7 | _aالمحاكم الإدارية. |
| 650 | 1 | 7 | _aتأديب العمال. |
| 650 | 1 | 7 | _aالإدارة العامة. |
| 942 |
_2ddc _cBK |
||
| 999 |
_c78587 _d78587 |
||